Vancouver Canucks Roster - Statistics

General Stats
  • This quiz has been taken 307 times
    3 since last reset
  • The average score is 14 of 32
Answer Stats
Position Number Answer % Correct
Defenseman 25 Elias Pettersson
100%
Center 40 Elias Pettersson
100%
Defenseman 29 Marcus Pettersson
100%
Defenseman 43 Quinn Hughes
100%
Goaltender 35 Thatcher Demko
100%
Right Wing 6 Brock Boeser
67%
Right Wing 8 Conor Garland
67%
Defenseman 17 Filip Hronek
67%
Defenseman 57 Tyler Myers
67%
Center 54 Aatu Räty
33%
Center 42 Curtis Douglas
33%
Center 64 David Kämpf
33%
Left Wing 18 Drew O'Connor
33%
Left Wing 91 Evander Kane
33%
Center 72 Filip Chytil
33%
Left Wing 74 Jake DeBrusk
33%
Goaltender 32 Kevin Lankinen
33%
Left Wing 92 Liam Öhgren
33%
Center 94 Linus Karlsson
33%
Center 93 Marco Rossi
33%
Center 63 Max Sasson
33%
Goaltender 60 Nikita Tolopilo
33%
Left Wing 21 Nils Höglander
33%
Defenseman 7 Pierre-Olivier Joseph
33%
Center 53 Teddy Blueger
33%
Defenseman 5 Tom Willander
33%
Defenseman 90 Victor Mancini
33%
Defenseman 24 Zeev Buium
33%
Left Wing 13 Arshdeep Bains
0%
Right Wing 23 Jonathan Lekkerimäki
0%
Right Wing 44 Kiefer Sherwood
0%
Left Wing 73 Lukas Reichel
0%
No matching quizzes found
Score Distribution
Percent of People with Each Score
Percentile by Number Answered
Your Score History
You have not taken this quiz since the last reset